Hauptstädte-Multiple Choice (schwer) - Statistiken

Allgemein
  • Dieses Quiz wurde 221 mal gespielt
    176 seit der letzten Aktualisierung
  • Das Durchschnittsergebnis liegt bei 10 aus 15
Antwortstatistiken
Frage Antwort % Korrekt
Andorra Andorra la Vella
100%
Katar Doha
86%
Mauretanien Nouakchott
86%
Brunei Bandar Seri Begawan
75%
Honduras Tegucicalpa
75%
Trinidad und Tobago Port of Spain
71%
Usbekistan Taschkent
68%
Senegal Dakar
64%
Elfenbeinküste Yamoussoukrou
64%
Eritrea Asmara
61%
Mali Bamako
57%
Samoa Apia
54%
Tuvalu Funafuti
54%
ZAR (Zentralafrikanische Republik) Bangui
46%
Sri Lanka Sri Jayewardenepura Kotte
25%
Keine übereinstimmenden Quizze gefunden
Verteilung der Resultate
Anzahl Personen mit jedem Resultat
Perzentil nach korrekt beantworteten Fragen
Ihre Resultats-Entwicklung
Sie haben dieses Quiz seit der letzten Aktualisierung nicht gespielt